000 01749aam a2200385 i 4500
001 768714001
003 CO-MdFUSB
005 20260316150845.0
007 ta
008 241129t2014 -us||||| |||| 001 0 spa d
020 _a978-1-60255-045-2
040 _bspa
_cCO-MdFUSB
_dCO-MdFUSB
041 _aspa
_heng
082 0 4 _223
_a232.9
_bM116
100 1 _aMacArthur, John,
_d1939-
_eautor
240 _aOne perfect life: the complete story of the Lord Jesus.
245 1 4 _aUna vida perfecta :
_bla historia completa del Señor Jesús
_c/ John Macarthur
264 1 _bGrupo Nelson,
_aNashville, Tennessee :
_c[2004]
264 4 _c©2004
300 _a515 páginas
_c; 24 cm
336 _atexto
_btxt
_2rdacontent
337 _2rdamedia
_asin mediación
_bn
338 _2rdacarrier
_avolumen
_bnc
500 _aIncluye índice
505 _aAnticipando al Señor Jesucristo. -- El principio del evangelio de Jesucristo. -- El principio del ministerio de Jesús.-- De la Pascua del año 27 A.D. a la Pascua del año 28 A.D. -- De la Pascua del año 28 A.D. a la Pascua del año 29 A.D. -- De la Pascua del año 29 A.D. a la Pascua del año 30 A.D -- El último viaje a Jerusalén para la Pascua del año 30 A.D. -- La semana de la pasión del Mesías en el año 30 A.D.-- El aposento alto la noche antes de su muerte. -- Crucifixión, resurrección y ascensión. -- Reflexiones del Nuevo Testamento sobre el evangelio de Jesucristo.
563 _aPasta dura
650 0 _aVida cristiana
_919
650 7 _aReligión
_9385
650 7 _aCristología
_9239
653 _aJesucristo -- Biografía
653 _aJesucristo -- Historicidad
653 _aEvangelios -- Armonía
942 _cBK
945 _aCatherine Arias Alvarez
999 _c71251
_d71251